000
00292nam a2200121Ia 4500
008
231106s2014 xx 000 0 und d
041
_a
eng
082
_a
741.2
100
_a
QUENTIN DELA BEDOYERE
245
_a
PASTEL, METHODS AND TECHNIQUE
260
_b
SEARCH PRESS
_c
2014
300
_a
P-64
999
_c
920129
_d
920129